Crossing over changing places (Record no. 16757)
[ view plain ]
| 000 -LEADER | |
|---|---|
| campo de control de longitud fija | 00953nam a2200253 i 4500 |
| 001 - NÚMERO DE CONTROL | |
| campo de control | 16757 |
| 003 - IDENTIFICADOR DE NÚMERO DE CONTROL | |
| campo de control | ES-MaACL |
| 005 - FECHA Y HORA DE LA ÚLTIMA TRANSACCIÓN | |
| campo de control | 20250830103942.0 |
| 007 - CAMPO FIJO DE DESCRIPCIÓN FÍSICA--INFORMACIÓN GENERAL | |
| campo de control de longitud fija | t| |
| 008 - DATOS DE LONGITUD FIJA--INFORMACIÓN GENERAL | |
| campo de control de longitud fija | 001102s1996 sp |||| | spa d |
| 080 ## - NÚMERO DE LA CLASIFICACIÓN DECIMAL UNIVERSAL | |
| Número de la Clasificación Decimal Universal | 76.036(73)(064.3) |
| 245 00 - MENCIÓN DEL TÍTULO | |
| Título | Crossing over changing places |
| Resto del título | : una exposición organizada por Jane M. Farmer & Pyramid Atlantic, Riverdale, Maryland. |
| 260 ## - PUBLICACIÓN, DISTRIBUCIÓN, ETC. | |
| Lugar de publicación, distribución, etc. | [Madrid] : |
| Nombre del editor, distribuidor, etc. | Centro Cultural del Conde Duque : |
| -- | Servicios Culturales e Informativos, Embajada de los Estados Unidos, |
| Fecha de publicación, distribución, etc. | [1996] |
| 300 ## - DESCRIPCIÓN FÍSICA | |
| Extensión | 66 p. ; |
| Dimensiones | 28 cm. |
| 650 14 - PUNTO DE ACCESO ADICIONAL DE MATERIA--TÉRMINO DE MATERIA | |
| Término de materia o nombre geográfico como elemento de entrada | Grabado norteamericano- |
| Subdivisión cronológica | S.XX- |
| Subdivisión de forma | Exposiciones. |
| 9 (RLIN) | 162660 |
| 655 #7 - TERMINO DE INDIZACIÓN--GENERO/FORMA | |
| Fuente del término | tgfbne |
| 9 (RLIN) | 193628 |
| Datos o término principal de género/forma | Catálogos de exposiciones |
| 700 1# - ENTRADA AGREGADA--NOMBRE PERSONAL | |
| Nombre de persona | Farmer, Jane M. |
| 9 (RLIN) | 48875 |
| 710 2# - ENTRADA AGREGADA--NOMBRE DE ENTIDAD CORPORATIVA | |
| Nombre de entidad corporativa o nombre de jurisdicción como elemento de entrada | Pyramid Atlantic (Firma) |
| 9 (RLIN) | 6276 |
| 710 2# - ENTRADA AGREGADA--NOMBRE DE ENTIDAD CORPORATIVA | |
| Nombre de entidad corporativa o nombre de jurisdicción como elemento de entrada | Centro Cultural del Conde Duque. |
| 9 (RLIN) | 2579 |
| 710 1# - ENTRADA AGREGADA--NOMBRE DE ENTIDAD CORPORATIVA | |
| Nombre de entidad corporativa o nombre de jurisdicción como elemento de entrada | Estados Unidos. |
| Unidad subordinada | Embassy (España) |
| 9 (RLIN) | 4025 |
| 852 ## - LOCALIZACIÓN | |
| Ubicación | ES-MaACL |
| Número de control de estantería | 2155-F-18 |
| 942 ## - ELEMENTOS DE ENTRADA SECUNDARIOS (KOHA) | |
| Fuente del sistema de clasificación o colocación | Clasificación decimal universal |
| Estatus retirado | Estado de pérdida | Estado de daño | No para préstamo | Colección | Biblioteca de origen | Biblioteca actual | Ubicación en estantería | Fecha de adquisición | Fuente de adquisición | Total de préstamos | Signatura topográfica completa | Código de barras | Visto por última vez | Precio de reemplazo | Tipo de ítem Koha |
|---|---|---|---|---|---|---|---|---|---|---|---|---|---|---|---|
| Colección de folletos | Biblioteca del Ateneo de Madrid | Biblioteca del Ateneo de Madrid | Depósito folletos | 17/01/2008 | 2155-F-18 | 1017020 | 23/02/2023 | 23/02/2023 | Folleto |
